| 000 -LEADER |
| fixed length control field |
00565nam a22001817a 4500 |
| 003 - CONTROL NUMBER IDENTIFIER |
| control field |
OSt |
| 005 - DATE AND TIME OF LATEST TRANSACTION |
| control field |
20180428093557.0 |
| 008 - FIXED-LENGTH DATA ELEMENTS--GENERAL INFORMATION |
| fixed length control field |
180320b xxu||||| |||| 00| 0 spa d |
| 020 ## - INTERNATIONAL STANDARD BOOK NUMBER |
| International Standard Book Number |
9875070122 |
| 040 ## - CATALOGING SOURCE |
| Transcribing agency |
PJ |
| 100 ## - ASIENTO PRINCIPAL - NOMBRE DE PERSONA |
| 9 (RLIN) |
388 |
| Personal name |
Arlotti, Raúl |
| 245 ## - MENCIÓN DE TÍTULO |
| Título propiamente dicho |
Meditaciones sobre la praxis política : |
| Mención de responsabilidad, etc |
Raul Arlotti; prólogo de Carlos S. Menem. |
| Parte restante del título |
diálogos con el Presidente / |
| 260 ## - PUBLICATION, DISTRIBUTION, ETC. (IMPRINT) |
| Place of publication, distribution, etc |
Buenos Aires : |
| Name of publisher, distributor, etc |
Ciudad Argentina, |
| Date of publication, distribution, etc |
1997 |
| 300 ## - DESCRIPCION FISICA |
| Extent |
133 p. |
| 650 #0 - ASIENTO SECUNDARIO DE MATERIA - TERMINO TEMATICO |
| 9 (RLIN) |
348 |
| Topical term or geographic name as entry element |
CIENCIAS POLITICAS |
| 700 ## - ADDED ENTRY--PERSONAL NAME |
| 9 (RLIN) |
389 |
| Personal name |
Menem, Carlos Saúl |
| Relator term |
prologuista |
| 942 ## - ADDED ENTRY ELEMENTS (KOHA) |
| Source of classification or shelving scheme |
|
| Koha item type |
Libros |